000 00487nam a22001937a 4500
003 MPLRDC
005 20220104114449.0
008 210129b ||||| |||| 00| 0 eng d
020 _a957-522-089-7
082 _a848.2 ZDC-14
100 _a张大春著
245 _a没人写信给上校
_c
250 _a初版
260 _a台湾
_b联合文学出版社有限公司
_c1994
300 _b383
490 _a联合文学; 093
650 _a现代别集
942 _cBK
_o848.2 ZDC-14
999 _c7677
_d7667